Practical automobile engineering / (Record no. 2849)

000 -LEADER
fixed length control field 00432nam a2200145 4500
008 - FIXED-LENGTH DATA ELEMENTS--GENERAL INFORMATION
fixed length control field 200317b ||||| |||| 00| 0 eng d
082 00 - DEWEY DECIMAL CLASSIFICATION NUMBER
Classification number 629.2
Item number A124
245 10 - TITLE STATEMENT
Title Practical automobile engineering /
250 ## - EDITION STATEMENT
Edition statement 5th ed.
260 ## - PUBLICATION, DISTRIBUTION, ETC. (IMPRINT)
Place of publication, distribution, etc Calcutta
Name of publisher, distributor, etc Asia Publishing House
Date of publication, distribution, etc 1977
300 ## - PHYSICAL DESCRIPTION
Extent 512 p.
650 #0 - SUBJECT ADDED ENTRY--TOPICAL TERM
Topical term or geographic name as entry element Automobiles
General subdivision Design and construction
700 ## - ADDED ENTRY--PERSONAL NAME
9 (RLIN) 2455
Personal name Abbey, Staton
Relator term editor
942 ## - ADDED ENTRY ELEMENTS (KOHA)
Source of classification or shelving scheme
Item type Books
Holdings
Withdrawn status Lost status Source of classification or shelving scheme Damaged status Not for loan Permanent location Current location Date acquired Full call number Barcode Date last seen Koha item type
          IMU Kolkata IMU Kolkata 2020-03-17 629.2 A124 04992 2020-03-17 Books
Designed and Maintained by IMU-KC Library, Kolkata Campus © Copyright All Rights Reserved

webs counters

Powered by Koha